Statistics for Premier League - League 2 teams (Soccer)

Click here to take the quiz!

General Stats

  • This quiz has been taken 3,107 times
  • The average score is 45 of 92

Answer Stats

LeagueTeam% Correct
PremiershipArsenal
95%
PremiershipManchester City
95%
PremiershipManchester United
95%
PremiershipChelsea
91%
PremiershipLiverpool
91%
PremiershipAston Villa
87%
PremiershipEverton
85%
PremiershipNewcastle
84%
PremiershipTottenham
84%
PremiershipWest Ham
83%
PremiershipSunderland
80%
PremiershipFulham
79%
PremiershipNorwich
78%
PremiershipSouthampton
78%
PremiershipSwansea
76%
PremiershipWest Brom
76%
PremiershipQueens Park Rangers
73%
PremiershipStoke
72%
ChampionshipCardiff
69%
ChampionshipWolves
69%
ChampionshipBlackburn
67%
PremiershipWigan
67%
ChampionshipBirmingham
66%
ChampionshipBolton
66%
ChampionshipCrystal Palace
66%
ChampionshipBurnley
65%
ChampionshipLeeds United
65%
League 1Sheffield United
65%
ChampionshipBrighton
63%
ChampionshipHull
63%
League 1Portsmouth
62%
PremiershipReading
62%
ChampionshipLeicester City
61%
ChampionshipSheffield Wednesday
61%
ChampionshipBlackpool
60%
ChampionshipBristol City
59%
ChampionshipNottingham Forest
57%
ChampionshipWatford
57%
ChampionshipDerby County
55%
ChampionshipCharlton
54%
League 1Bournemouth
52%
ChampionshipIpswich
52%
ChampionshipBarnsley
51%
League 2Bristol Rovers
48%
ChampionshipMiddlesbrough
46%
League 2Bradford City
45%
League 1Coventry City
45%
League 1Brentford
43%
ChampionshipMillwall
41%
League 2Plymouth
41%
League 2Wimbledon
40%
League 1MK Dons
39%
League 1Notts County
39%
League 1Preston North End
38%
League 1Swindon Town
37%
League 2Exeter City
36%
ChampionshipHuddersfield Town
36%
League 1Yeovil
36%
League 2Oxford United
35%
League 2Accrington Stanley
34%
League 1Tranmere Rovers
32%
League 2York City
32%
League 2Gillingham
31%
ChampionshipPeterborough
31%
League 2Rotherham United
31%
League 1Colchester United
30%
League 1Leyton Orient
30%
League 1Carlisle
29%
League 1Crewe Alexandra
28%
League 1Doncaster Rovers
28%
League 2Northampton Town
28%
League 1Oldham Athletic
28%
League 2Southend United
28%
League 1Crawley Town
26%
League 1Hartlepool
26%
League 2Torquay United
26%
League 2Fleetwood Town
25%
League 2Port Vale
25%
League 1Scunthorpe
25%
League 2Chesterfield
24%
League 1Walsall
24%
League 2Wycombe Wanderers
24%
League 2Barnet
23%
League 2Burton Albion
23%
League 2Cheltenham Town
22%
League 2Rochdale
21%
League 1Shrewsbury
21%
League 1Bury Town
19%
League 1Stevenage
19%
League 2Morecambe
18%
League 2Aldershot Town
17%
League 2Dagenham and Redbridge
15%

Score Distribution

Percentile by Number Answered

Percent of People with Each Score

Your Score History

You have not taken this quiz